Marvel Movies - Sudden Death - Statistics

General Stats
  • This quiz has been taken 7,662 times
  • The average score is 7 of 15
Answers on the Grid
Answers color-coded by a green-red scale on the quiz's grid according to % correct below.
Big Hero 6
Birds of Prey
Black Panther
Black Widow
Blade (1998)
Borderlands
Elektra
Eternals
Fantastic Four
Free Guy
Ghost Rider
Hercules (2014)
Howard the Duck
Hulk
Iron Man
Kung Fu Panda
Morbius
Pan
Rocketman
Secret Headquarters
Shazam!
Suicide Squad
Swamp Thing
The Adam Project
The Adventures of Tintin
The Avengers (1998)
The Incredibles
The Iron Giant
The New Mutants
The Wolverine
Thor
Venom (2005)
 
Answer Stats
Answer % Correct
Black Panther
81%
Black Widow
79%
Iron Man
76%
Hulk
75%
Fantastic Four
71%
Eternals
65%
Blade (1998)
48%
Morbius
46%
Ghost Rider
45%
Thor
40%
Elektra
31%
Howard the Duck
29%
The Wolverine
26%
The New Mutants
16%
Big Hero 6
15%
No matching quizzes found
Score Distribution
Percent of People with Each Score
Percentile by Number Answered
Your Score History
You have not taken this quiz